Cases in financial reporting : An integrated approach with an emphasis on earnings quality and persistence
保存先:
| フォーマット: | 図書 |
|---|---|
| 言語: | Undetermined |
| 出版事項: |
New Jersey
Prentical Hall
1996
|
| 主題: | |
| タグ: |
タグ追加
タグなし, このレコードへの初めてのタグを付けませんか!
|
| Thư viện lưu trữ: | Trung tâm Học liệu Trường Đại học Cần Thơ |
|---|
| LEADER | 00555nam a2200181Ia 4500 | ||
|---|---|---|---|
| 001 | CTU_154007 | ||
| 008 | 210402s9999 xx 000 0 und d | ||
| 020 | |c 320000 | ||
| 082 | |a 657.3 | ||
| 082 | |b H669 | ||
| 245 | 0 | |a Cases in financial reporting : | |
| 245 | 3 | |b An integrated approach with an emphasis on earnings quality and persistence | |
| 245 | 0 | |c D. Eric Hirst, Mary Lea McSnally | |
| 260 | |a New Jersey | ||
| 260 | |b Prentical Hall | ||
| 260 | |c 1996 | ||
| 650 | |a Financial statements | ||
| 980 | |a Trung tâm Học liệu Trường Đại học Cần Thơ | ||